01001nam a2200253 a 4500001001000000003000400010005001700014008004100031020001500072040002500087082001600112100003800128245013000166260003700296300002100333490004000354500007300394504003200467710006000499830004700559942001300606952011300619999001500732000005231OSt20200929151621.0090818s1987 sp 001 0 spa d a8400066359 aDO-SdBNPbspacBNPHU axxxxbM542n1 aMenéndez Onrubia, Carmen91492513aEl neoromanticismo español y su época :bepistolario de José Echegaray a María Guerrero /cCarmen Menéndez Onrubia. aMadrid, España :bCSIC,c1987. a279 p. ;c22 cm.1 aAnejos de la revista segismundov12 aIncluye referencias bibliográficas y notas al pie de las páginas aBibliografía : p. 261-2661 aConsejo Superior de Investigaciones Científicas94786 0aAnejos de la revista segismundon12914926 2ddccLF1 001050718MOaGRbGRcHDd2009-08-18iLF1l0oxxxx M542np5231-10r2020-06-25w2020-06-25y1ZNo se presta c5032d5032